<?xml version="1.0" encoding="UTF-8"?>
<record
    xmlns:xsi="http://www.w3.org/2001/XMLSchema-instance"
    xsi:schemaLocation="http://www.loc.gov/MARC21/slim http://www.loc.gov/standards/marcxml/schema/MARC21slim.xsd"
    xmlns="http://www.loc.gov/MARC21/slim">

  <leader>01297nam a22001817a 4500</leader>
  <controlfield tag="003">IT-RoPau</controlfield>
  <controlfield tag="005">20220918175938.0</controlfield>
  <controlfield tag="008">130116b        xxu||||| |||| 00| 0 eng d</controlfield>
  <datafield tag="040" ind1=" " ind2=" ">
    <subfield code="c">IT-RoPau</subfield>
  </datafield>
  <datafield tag="100" ind1=" " ind2=" ">
    <subfield code="a">Bravo, Buccolo, Colacrai, D'Alessandro, Da Silva, Gandolfo, Maggi, Martini, Reggio, Rocca, Romanini, Roveran, Sassi, Stella, Tarantino, Torbidoni</subfield>
    <subfield code="c">ssp</subfield>
    <subfield code="9">169</subfield>
  </datafield>
  <datafield tag="245" ind1=" " ind2=" ">
    <subfield code="a">Conoscere Don Alberione (1884-1907).</subfield>
    <subfield code="b">Strumenti per una biografia Diario giovanile e Manoscritti inediti (1901-1907)</subfield>
  </datafield>
  <datafield tag="250" ind1=" " ind2=" ">
    <subfield code="a">1&#xB0; ed.</subfield>
  </datafield>
  <datafield tag="260" ind1=" " ind2=" ">
    <subfield code="a">Roma</subfield>
    <subfield code="b">Edizioni Centro Spiritualit&#xE0; Paolina</subfield>
    <subfield code="c">1994</subfield>
  </datafield>
  <datafield tag="300" ind1=" " ind2=" ">
    <subfield code="a">336 p.</subfield>
    <subfield code="c">21 cm</subfield>
  </datafield>
  <datafield tag="490" ind1=" " ind2=" ">
    <subfield code="a">1</subfield>
  </datafield>
  <datafield tag="520" ind1=" " ind2=" ">
    <subfield code="a">INDICE
Prefazione;
1. Autoritratto di Giacomo Alberione fino all'ordinazione;
2. Come si costruisce una biografia di un Fondatore;
3. La realt&#xE0; ecclesiale, socio-politica e culturale nell'albese agli inizi del 1900;
4. Lettura del diario giovanile di G. Alberione;
5. Per un primo approccio alla lingua di Alberione nei manoscritti;
6. "Dio" e "storia". Un profilo dello studente Alberione (1901-1907);
7. Lettura ermeneutica analitico-transizionale degli scritti giovanili di Don Alberione;
8. Esame grafologico di manoscritti di Alberione (1900-1907);
9. L'itinerario spirituale-vocazionale del giovane Alberione; 
Conclusione.</subfield>
  </datafield>
  <datafield tag="942" ind1=" " ind2=" ">
    <subfield code="2">ddc</subfield>
    <subfield code="c">BK</subfield>
  </datafield>
  <datafield tag="999" ind1=" " ind2=" ">
    <subfield code="c">37765</subfield>
    <subfield code="d">37765</subfield>
  </datafield>
  <datafield tag="952" ind1=" " ind2=" ">
    <subfield code="0">0</subfield>
    <subfield code="1">0</subfield>
    <subfield code="2">ddc</subfield>
    <subfield code="4">0</subfield>
    <subfield code="6">P_B1</subfield>
    <subfield code="7">1</subfield>
    <subfield code="a">PAULUS</subfield>
    <subfield code="b">PAULUS</subfield>
    <subfield code="d">2013-01-16</subfield>
    <subfield code="l">0</subfield>
    <subfield code="o">P B1</subfield>
    <subfield code="r">2013-01-16 00:00:00</subfield>
    <subfield code="w">2013-01-16</subfield>
    <subfield code="y">BK</subfield>
  </datafield>
  <datafield tag="952" ind1=" " ind2=" ">
    <subfield code="0">0</subfield>
    <subfield code="1">0</subfield>
    <subfield code="2">ddc</subfield>
    <subfield code="4">0</subfield>
    <subfield code="6">P_B1</subfield>
    <subfield code="7">1</subfield>
    <subfield code="a">PAULUS</subfield>
    <subfield code="b">PAULUS</subfield>
    <subfield code="d">2013-01-16</subfield>
    <subfield code="l">0</subfield>
    <subfield code="o">P B1</subfield>
    <subfield code="r">2013-01-16 00:00:00</subfield>
    <subfield code="w">2013-01-16</subfield>
    <subfield code="y">BK</subfield>
  </datafield>
  <datafield tag="952" ind1=" " ind2=" ">
    <subfield code="0">0</subfield>
    <subfield code="1">0</subfield>
    <subfield code="2">ddc</subfield>
    <subfield code="4">0</subfield>
    <subfield code="6">P_B1</subfield>
    <subfield code="7">1</subfield>
    <subfield code="a">PAULUS</subfield>
    <subfield code="b">PAULUS</subfield>
    <subfield code="d">2013-01-22</subfield>
    <subfield code="l">0</subfield>
    <subfield code="o">P B1</subfield>
    <subfield code="r">2013-01-22 00:00:00</subfield>
    <subfield code="w">2013-01-22</subfield>
    <subfield code="y">BK</subfield>
  </datafield>
</record>
